Tennisti con più Titoli ATP sul Cemento - Statistics

Statistiche generali
  • Questo quiz è stato fatto 3 volte
  • Il punteggio medio è 11 su 13
Statistiche sulle risposte
Nazione Titoli ATP sul cemento Tennista % Corretto
Stati Uniti 48 Andre Agassi
100%
Regno Unito 33 Andy Murray
100%
Cecoslovacchia / Stati Uniti 32 Ivan Lendl
100%
Stati Uniti 43 Jimmy Connors
100%
Stati Uniti 22 John McEnroe
100%
Serbia 69 Novak Djokovic
100%
Stati Uniti 38 Pete Sampras
100%
Spagna 25 Rafael Nadal
100%
Svizzera 71 Roger Federer
100%
Svezia 23 Stefan Edberg
100%
Stati Uniti 21 Andy Roddick
67%
Australia 21 Lleyton Hewitt
33%
Stati Uniti 21 Michael Chang
0%
Nessun quiz corrispondente trovato
Distribuzione punteggi
Percentuale di utenti per punteggio
Percentile per numero di risposta
I tuoi punteggi nel tempo
Non hai fatto questo quiz